Dočasné učebné dokumenty učebného odboru 29-76-2 spracovanie tabaku s platnosťou od 1. septembra 1981 začínajúc 1. ročníkom.

Uložené v:
Podrobná bibliografia
Médium: Kniha
Jazyk:Slovak
Vydané: Bratislava : Alfa, 1981.
Fyzický popis: 29 strán.
Tagy: Pridať tag
Žiadne tagy, Buďte prvý kto otaguje tento záznam!

MARC

LEADER 00000nam a22000002i 4500
001 000730607
005 20250515095316.0
008 250515s1981 xo e 000 0 slo d
020 |q (brožované) 
040 |a SVKKK  |b slo  |c SVKKK  |e rda 
245 0 0 |a Dočasné učebné dokumenty učebného odboru 29-76-2 spracovanie tabaku s platnosťou od 1. septembra 1981 začínajúc 1. ročníkom. 
264 1 |a Bratislava :  |b Alfa,  |c 1981. 
300 |a 29 strán. 
336 |a text  |b txt  |2 rdacontent 
337 |a bez média  |b n  |2 rdamedia 
338 |a zväzok  |b nc  |2 rdacarrier 
500 |a Záznam revízie 
910 |a svkkk 
998 |a BK 
090 |g SCKHL  |k Sklad Pribinova 3. posch.  |a V.124206  |j 631398  |i 2720959781  |s Povinný výt.